[Event "Logumkloster-chA"]
[Site "Logumkloster"]
[Date "2011.04.12"]
[Round "2"]
[White "Baagoe, Hans Chr"]
[Black "Andersen, Jacob Buris"]
[Result "0-1"]
[WhiteElo "1640"]
[BlackElo "1924"]
[PlyCount "84"]
[EventDate "2011.04.05"]
[EventType "tourn"]
[EventRounds "5"]
[EventCountry "DEN"]
[SourceTitle "EXT 2023"]
[Source "ChessBase"]
[SourceDate "2022.10.05"]
[SourceVersion "1"]
[SourceVersionDate "2022.10.05"]
[SourceQuality "1"]

1. d4 Nf6 2. c4 g6 3. Nc3 Bg7 4. h3 d6 5. e4 0-0 6. Nf3 Nbd7 7. Be2 e5 8. dxe5 dxe5 9. 0-0 c6 10. Qc2 Qe7 11. a4 a5 12. b3 Nh5 13. Ba3 Nc5 14. b4 axb4 15. Bxb4 b6 16. a5 bxa5 17. Bxa5 Rb8 18. Rfb1 Rxb1+ 19. Rxb1 Ne6 20. Bb4 c5 21. Ba3 Nhf4 22. Nd5 Qa7 23. Bc1 Nxe2+ 24. Qxe2 Nd4 25. Nxd4 cxd4 26. Qb2 Be6 27. Qb7 Qa2 28. Ne7+ Kh8 29. c5 d3 30. Qb4 Bf6 31. Nd5 Bxd5 32. exd5 Qxd5 33. c6 Rc8 34. c7 Kg7 35. Qd2 g5 36. h4 h6 37. hxg5 hxg5 38. Rb6 Rxc7 39. Rxf6 Rxc1+ 40. Qxc1 Kxf6 41. Kf1 d2 42. Qd1 Qc4+ 0-1